| 000 | 00514nam a2200169 4500 | ||
|---|---|---|---|
| 001 | 109590 | ||
| 003 | ES-MaACL | ||
| 005 | 20230906184854.0 | ||
| 007 | t| | ||
| 008 | 061121s1966 sp r ||||1| spa d | ||
| 245 | 0 | 0 |
_aMundo moderno y noción de Dios / _cMaurice Feltin; versión de Palmira Calvo. |
| 260 |
_aValencia : _bFomento de la Cultura, _c1966. |
||
| 300 |
_a484 p. : _bil. ; _c19 cm. |
||
| 700 | 1 |
_aFeltin, Maurice. _949235 |
|
| 700 | 1 |
_aCalvo, Palmira. _933859 |
|
| 852 |
_aES-MaACL _jC-31333 _bR.61611 |
||
| 999 |
_c109590 _d109590 |
||